Normal view
MARC view
Entry Personal Name
001 - CONTROL NUMBER
- control field: 46299
003 - CONTROL NUMBER IDENTIFIER
- control field: ARRUPE
005 - DATE AND TIME OF LATEST TRANSACTION
- control field: 20190507100712.0
008 - FIXED-LENGTH DATA ELEMENTS
- fixed length control field: 190507|| aca||aabn | a|a d
040 ## - CATALOGING SOURCE
- Original cataloging agency: ARRUPE
- Transcribing agency: ARRUPE
100 ## - HEADING--PERSONAL NAME
- Personal name: Margaret Mead ,foreword by Franz Boas
670 ## - SOURCE DATA FOUND
- Source citation: Work cat.: (ARRUPE)45154: Mead, Margaret 38221, Coming of age in Samoa, 1961